000 00936nas a2200313 4500
001 BR0205502
003 BR-BrBNA
005 20231205103349.0
007 ta
008 230509b bl.|||p| |||| 00| 00por d
040 _aBR-BrBNA
_bpor
_cBiblioteca Nacional de Agricultura
041 _a(Pt)
072 _aF02; F01
100 1 _aSchuch, M.W.
100 1 _aPeters, J.A.
245 1 _aRegeneração de brotações de macieira (Malus domestica, Borkh.)cv. Gala
650 _aMAÇÃ
650 _aEXPLANTE
650 _aREGULADOR DE CRESCIMENTO
650 _aREGENERAÇÃO ARTIFICIAL
650 _aBROTAÇÃO INDUZIDA
650 _aMORFOGÊNESE
650 _aMEIO DE CULTURA
650 _aRADIAÇÃO LUMINOSA
650 _aFOLHA
773 0 _tRevista Brasileira de Fruticultura (Brazil)
_xISSN 0100-2945
_g(Aug 2002), v. 24(2) p. 301-305
_wBR0205502
909 _a202311
_bLúcia
_c55
_dLúcia Elande
942 _2AGRIS
_n0
_cANA
999 _c172466
_d172466